000 00739nam a2200217 a 4500
001 000043611
005 20240226141826.0
008 140331s1970 sp 000 0 spa d
040 _aDO-SdBNP
_bspa
_cBNPHU
082 _a843.8
_bV531d
100 1 _aVerne, Julio,
_d1828-1905
_91073
245 1 0 _aDe la tierra a la luna :
_bViaje alrededor de la luna /
_cJulio Verne; prólogo Luis Ángel García Melero.
260 _aMadrid :
_bLibra,
_c1970.
300 _a230 p. ;
_c17 cm.
490 1 _aPurpura
_v5
500 _aDos obras encuadernadas juntas con paginación continua.
650 4 _aNovela francesa
_91075
650 4 _aLiteratura francesa
_91074
700 1 2 _aGarcía Melero, Luis Ángel
_eprol.
_963617
830 0 _aPurpura
_n5
_971423
999 _c43100
_d43100